Responses for show #3736 - Monday, November 27, 2000

Contestants

Scott Reed, a bartender from Grand Terrace, California

Jackie Kaufman, an attorney from Buffalo Grove, Illinois

Matt Myers, a network engineer originally from Baltimore, Maryland (whose 1-day cash winnings total $1,900)

Jeopardy! Round responses

SPACE EXPLORATION
COLLECTIBLES
U.S. CITY NICKNAMES
BASEBALL'S GREATEST HITTERS
MILK
"EYE" SEE
    $100 19
(S: What is Mars?)

Moon

Scott
Triple Stumper
    $100 2
Peter Pan

Matt
    $100 12
San Francisco

Scott
    $100 1
Mark McGwire

Jackie
    $100 17
Fat

Matt
    $100 5
The eye of a needle

Scott
    $200 20
Halley's Comet

Jackie
    $200 23
Barbie

Matt
    $200 13
Orlando

Jackie
    $200 3
Hank Aaron

Matt
    $200 18
Pasteurized

Scott
    $200 8
Eye opener

Matt
    $300 27
Voyager

Scott
    $300 24
Johnny Cash

Matt
    $300 14
Salem, Massachusetts

Jackie
    $300 4
Sammy Sosa

Jackie
    $300 21
Raw milk

Triple Stumper
    $300 9
For Your Eyes Only

Jackie
    $400 28
Japan

Jackie
    $400 25
Hummel

Triple Stumper
    $400 15
Atlanta

Matt
    $400 6
(J: Who is Cal Ripken, Jr.?)

Nomar Garciaparra

MattJackie
    $400 22
(S: What is homogenized?)

Fortified

Scott
Triple Stumper
    $400 10
"Eye of the Tiger"

Jackie
    $500 30
Van Allen Belts

Triple Stumper
    $500 26
Waterford

Matt
    $500 16
New Orleans

Jackie
    $500 7
George Brett

Matt
    $500 29
Hormone

Matt
    $500 11
Third eye

Scott

Scores at the first commercial break (after clue 15):

Matt Jackie Scott
$1,800 $1,200 $700

Scores at the end of the Jeopardy! Round:

Matt Jackie Scott
$3,400 $2,300 $700

Double Jeopardy! Round responses

FAMOUS FRENCHMEN
MTM
(Alex: The television production company.)
PRESIDENTIAL BOOKS
INSECT, ARACHNID OR CRUSTACEAN
(Alex: So the correct response will be 1 of the 3.)
SWISS WATCHING
FLORAL QUOTES
    $200 1
Victor Hugo

Scott
    $200 6
Bob Newhart

Scott
    $200 12
(M: Who is Thomas Jefferson?)
(S: Who is John Adams?)

George Washington

MattScott
Triple Stumper
    $200 11
Crustacean

Matt
    $200 14
Fondue

Scott
    $200 27
Roses

Scott
    $400 2
Jacques Cousteau

Jackie
    $400 7
Pierce Brosnan

Scott
    $400 13
Crises

Jackie
    $400 15
Arachnid

Scott
    $400 22
Hubble Space Telescope

Matt
    $400 28
Daffodils

Triple Stumper
    $600 3
Claude Debussy

Jackie
    $600 8
St. Elsewhere

Triple Stumper
    $600 19
George H.W. Bush

Triple Stumper
    $600 16
Insect

Scott
    $600 23
Bridge

Triple Stumper
    $600 26
The lilies

Triple Stumper
    $500 4
Alfred Binet

Jackie
    $800 9
The White Shadow

Jackie
    $800 20
James Monroe

Matt
    $800 17
Insect

Scott
    $800 24
(M: What is cheese?)
(less than a minute to go...)

Chocolate

Matt
    $800 29
(Matt: What are tulips?)
(buzzer sounds)

Poppies

Matt
Triple Stumper
    $1000 5
Jean Cocteau

Triple Stumper
    $1000 10
(Alex: Well done, $1000 more for you, pulled that one out of thin air; we still see him in dramas, of course!)

David Groh

Jackie
    $1000 21
John Quincy Adams

Scott
    $1000 18
Crustacean

Matt
    $1000 25
Wilhelm Roentgen

Triple Stumper

Scores at the end of the Double Jeopardy! Round:

Matt Jackie Scott
$4,000 $6,000 $4,500

[wagering suggestions for these scores]

Final Jeopardy! Round responses

WORD ORIGINS
MattWhat is throttled down?
$2,100
ScottWhat is coffee?
$4,500
JackieWhat is tired engine
$3,001
Burnout

Final scores:

Matt Jackie Scott
$1,900 $2,999 $0
2nd place: Forever Resorts Houseboat Trip in Northern California New champion: $2,999 3rd place: Yahoo! Shopping Spree

Game dynamics:

Coryat scores:

Matt Jackie Scott
$4,800 $6,300 $4,500
15 R
(including 1 DD),
3 W
(including 1 DD)
15 R
(including 1 DD),
1 W
14 R,
3 W

Combined Coryat: $15,600

The J! Archive is created by fans, for fans. The Jeopardy! game show and all elements thereof, including but not limited to copyright and trademark thereto, are the property of Jeopardy Productions, Inc. and are protected under law. This website is not affiliated with, sponsored by, or operated by Jeopardy Productions, Inc. Join the discussion at JBoard.tv.